00371nam a2200133Ia 4500003000400000008004100004020002600045040000800071100002400079245006800103260004100171300001400212365001100226LDD181029s9999 xx 000 0 und d a9788172334338c675.00 cLDD aJain, Pradeep Kumar 0aMineral policy, mining laws and developmentcPradeep Kumar Jain aJodhpurbScientific publishersc2006 axx, 252p. b675.00